[Event "8th Eksjo it group B"]
[Site "Eksjo SWE"]
[Date "1980.08.30"]
[Round "9"]
[White "Lundin, Erik"]
[Black "Ekstrom, Roland"]
[Result "0-1"]
[WhiteElo "2355"]
[BlackElo "2365"]
[EventDate "1980.08.22"]
[PlyCount "96"]

1.d4 d5 2.Nf3 c6 3.Bf4 Bf5 4.e3 e6 5.Bd3 Nf6 6.O-O Bd6 7.Ne5 O-O 8.c4 Bxd3
9.Qxd3 Qe7 10.Nc3 Nbd7 11.h3 Rfd8 12.Qe2 Rac8 13.Rfd1 Bb8 14.Nxd7 Nxd7 15.
Bxb8 Rxb8 16.Rd2 Qb4 17.cxd5 exd5 18.Rc2 Re8 19.Qd2 Qd6 20.Na4 Re4 21.Qa5 
a6 22.Nc5 Nxc5 23.Qxc5 Qxc5 24.Rxc5 f5 25.g3 g5 26.Rd1 f4 27.Rc3 Rbe8 28.
Rdd3 fxg3 29.fxg3 h5 30.b4 g4 31.h4 R4e6 32.Kg2 Kg7 33.a4 b5 34.Ra3 Kg6 
35.Rdc3 a5 36.Rc2 axb4 37.Rb3 bxa4 38.Rxb4 Rxe3 39.Rxa4 Re2+ 40.Rxe2 Rxe2+
41.Kf1 Rc2 42.Ra8 Rd2 43.Rc8 Kf5 44.Rxc6 Ke4 45.Ke1 Rxd4 46.Rh6 Kf3 47.
Rxh5 Kxg3 48.Rh8 Kh3 0-1